| 000 | 01534nam a2200481 i 4500 | ||
|---|---|---|---|
| 001 | 44944 | ||
| 003 | KOSZ 005 | ||
| 005 | 20221014123653.0 | ||
| 008 | 021217s2002 pl a |001 0 pol | ||
| 015 | _aUWD 2003/145 | ||
| 020 | _a8373511202 | ||
| 035 | _a991019979659705066 | ||
| 035 | _a(PL-WaBN)b15415557-48omnis_nlop | ||
| 035 | _ab15415557 | ||
| 035 | _a(OCoLC)749275437 | ||
| 035 | _azz2002905842 | ||
| 035 | _a(PL)b0000001541555 | ||
| 035 | _a(EXLNZ-48OMNIS_NETWORK)9910243556305606 | ||
| 040 |
_aWA N _cWA N _dKOSZ 005/HR |
||
| 041 | 0 |
_apol _beng |
|
| 046 | _k2002 | ||
| 080 | _a621.7 | ||
| 080 | _a621.9 | ||
| 080 | _a(075.8) | ||
| 100 | 1 |
_aMazurkiewicz, Andrzej _c(obróbka plastyczna metali) _eAutor |
|
| 245 | 1 | 0 |
_aTechnologie specjalne kształtowania materiałów / _cAndrzej Mazurkiewicz. |
| 260 |
_aRadom : _bPolitechnika Radomska. Wydaw., _c2002. |
||
| 300 |
_a376 s. : _bil. ; _c23 cm. |
||
| 336 |
_aTekst _btxt _2rdacontent |
||
| 337 |
_aBez urządzenia pośredniczącego _bn _2rdamedia |
||
| 338 |
_aWolumin _bnc _2rdacarrier |
||
| 380 | _aKsiążki | ||
| 388 | _a2001- | ||
| 504 | _aBibliogr. przy rozdz. Indeks. | ||
| 546 | _aStreszcz. ang. | ||
| 650 | 7 |
_aTechnologia _2DBN |
|
| 650 | 7 | _aObróbka (materiałoznawstwo) | |
| 655 | 7 |
_aPodręczniki akademickie _2DBN |
|
| 658 | _aInżynieria i technika | ||
| 856 |
_uhttp://koha.tu.koszalin.pl/cgi-bin/koha/opac-detail.pl?biblionumber=44944 _yKatalog online BPK |
||
| 942 |
_2UKD _cKS |
||
| 999 |
_c44944 _d44944 |
||